| 000 | 00720nam a22002537a 4500 | ||
|---|---|---|---|
| 001 | 7515 | ||
| 003 | FISKH | ||
| 005 | 20250722160053.0 | ||
| 008 | 250722b cb ||||| |||| 00| 0 eng d | ||
| 020 | _a9788956355184 | ||
| 040 |
_aFISKH _beng _cFISKH _dFISKH |
||
| 050 | _aPZ7 | ||
| 100 | _aSormark, Julie | ||
| 245 |
_aThe seven ravens / _cthrough the Art Style of Alfons Mucha : Retold by Julie Sormark |
||
| 260 |
_aSeoul : _be-future , _c2010. |
||
| 300 |
_a35 pages : _bcolor illustrations ; _c24 cm . |
||
| 490 | _aArt Classic Stories | ||
| 505 | _aK | ||
| 521 | 8 |
_a510
_bLexile estimate |
|
| 521 | 8 |
_aK
_bRaz-Plus |
|
| 700 |
_aSoribom _eIllustrator |
||
| 942 |
_2ddc _cBK _n0 |
||
| 999 |
_c7515 _d7515 |
||